Où se trouvent ces barrages français ? Facile - Statistiques

Statistiques générales
  • Ce quiz a été pris 24 fois
  • Le résultat moyen est 363 sur 472
Statistiques - réponses
Mise en service Cours d'eau Nom du barrage Département % Correct
1960 Durance de Serre Ponçon Alpes-de-Haute-Provence | Hautes-Alpes
95%
1966 Cerveyrette de Pont Baldy Hautes-Alpes
95%
1982 Guil de Maison du Roy Hautes-Alpes
95%
1991 Riou idem Hautes-Alpes
95%
1976 Riou gras de Forest Saint-Julien Saint-Laurent Hautes-Alpes
95%
2000 Torrent des Ecoutes de la Casse du boeuf Hautes-Alpes
95%
1948 Rhône de Génissiat Ain | Haute-Savoie
89%
1937 Rhône de Jons Ain | Rhône
89%
1917 Bionia des Mesce Alpes-Maritimes
89%
1960 Boréon idem Alpes-Maritimes
89%
2006 Chastillon d'Isola 2000 Alpes-Maritimes
89%
1969 Gordolasque de la Fous Alpes-Maritimes
89%
1971 Gordolasque du lac long Alpes-Maritimes
89%
1952 Dordogne de Bort les Orgues Cantal | Corrèze
89%
1935 Dordogne de Marèges Corrèze | Cantal
89%
1946 Maronne du Gour noir Corrèze | Cantal
89%
1977 Cèze de Sénéchas Gard | Ardèche
89%
1927 Brevon de Bellevaux sous Gembaz Haute-Savoie
89%
1949 Dranse de Morzine du Jotty Haute-Savoie
89%
1928 Fier de Vallières Haute-Savoie
89%
1935 Berthier idem Rhône
89%
1990 Corsenat de la Madone Rhône
89%
1932 Garon de Thurins Rhône
89%
1925 Gimond idem Rhône
89%
1937 Rhône de Cusset Rhône
89%
1906 Turdine de Joux Rhône
89%
1971 Arc de Freney Savoie
89%
1974 Arc du canal d'Hermillon Savoie
89%
1950 Arly des Mottets Savoie
89%
1935 Bissorte idem Savoie
89%
1969 Cenise Mont-Cenis Savoie
89%
1949 Dorinet de la Girotte Savoie
89%
1960 Doron de Roselend de Roselend Savoie
89%
1968 Gittaz idem Savoie
89%
1952 Isère de Tignes Savoie
89%
1954 Isère des Echelles d'Hannibal Savoie
89%
1961 Poncellamont de Saint-Guérin Savoie
89%
1951 Saint-Benoît de Plan d'Amont et de Plan d'Aval Savoie
89%
1959 Sassière idem Savoie
89%
1975 Secheron de Coche Savoie
89%
1920 Fier de Motz Savoie | Haute-Savoie
89%
1992 Balerme idem Tarn | Haute-Garonne
89%
1931 Ain de Cize-Bolozon Ain
84%
1960 Ain d'Allement Ain
84%
1950 Oignin de Charmines Ain
84%
1924 Rhône de Chancy-Pougny Ain
84%
1952 Rhône de Seyssel Ain
84%
1986 Rhône de Villebois Ain
84%
1971 Ain de Coiselet Ain | Jura
84%
1962 Durance de l'Escale Alpes-de-Haute-Provence
84%
1976 Durance de Saint-Lazare Alpes-de-Haute-Provence
84%
1976 Durance de Salignac Alpes-de-Haute-Provence
84%
1965 Laye idem Alpes-de-Haute-Provence
84%
1962 Saignon idem Alpes-de-Haute-Provence
84%
1991 Vaulouve idem Alpes-de-Haute-Provence
84%
1948 Verdon de Castillon Alpes-de-Haute-Provence
84%
1967 Verdon de Gréoux Alpes-de-Haute-Provence
84%
1980 Auzon de Lussas Ardèche
84%
1970 Chassezc de Malarce Ardèche
84%
1969 Choisine idem Ardèche
84%
1975 Eyrieux de Devesset Ardèche
84%
1983 Eyrieux de Cheylard Ardèche
84%
1986 Fontaulière de Ponts de Veyrières Ardèche
84%
1967 Gage idem Ardèche
84%
1979 Jointine idem Ardèche
84%
1955 Lesches d'Empurany Ardèche
84%
1954 Loire de la Palisse Ardèche
84%
1982 Montvieux de Coucouron Ardèche
84%
1990 Ozon des Meinettes Ardèche
84%
1970 Rhône d'Arras Ardèche
84%
1975 Sousseyron de Saint-Martial Ardèche
84%
1867 Ternay idem Ardèche
84%
1970 Vert idem Ardèche
84%
1952 Rhône de Donzère Ardèche | Drôme
84%
1958 Rhône de Rochemaure Ardèche | Drôme
84%
1966 Chassezac de Sainte-Marguerite Lafigère Ardèche | Lozère
84%
2000 Alzeau de Galaube Aude | Tarn
84%
1973 Rhône de Sauveterre Gard | Vaucluse
84%
1991 Gimone idem Gers | Haute-Garonne
84%
1898 Echapre idem Haute-Loire | Loire
84%
1950 Arvan de Belleville Isère
84%
1912 Bourne de la Balme de Rencurel Isère
84%
1950 Bourne de Choranche Isère
84%
1935 Drac du Sautet Isère
84%
1946 Drac de Cordéac Isère
84%
1957 Drac de Saint-Pierre Cognet Isère
84%
1962 Drac de Monteynard Isère
84%
1964 Drac de Notre-Dame-de-Commiers Isère
84%
1899 Eau d'Olle de Grand Maison Isère
84%
1984 Eau d'Olle de Vernay Isère
84%
1963 Isère de Beauvoir Isère
84%
1990 Isère de Saint-Egrève Isère
84%
1977 Rhône de Saint-Pierre-de-Boeuf Isère
84%
1980 Rhône de Vaugris Isère
84%
1935 Romanche du Chambon Isère
84%
1959 Veyton du Haut-Veyton Isère
84%
1995 Bayle de Renung Landes
84%
1995 Brousseau de Latrille Landes
84%
1992 Estela de Coudures Landes
84%
1991 Grabe de Hagetmau Monségur Landes
84%
1995 Labourdasse de Fargues Landes
84%
1988 Lasmoulette de Jouandet Landes
84%
1987 Lourden idem Landes
84%
1986 Urgons de Bats-Urgons Landes
84%
1871 Ban de Rive sur le Ban Loire
84%
1905 Cotatay idem Loire
84%
1811 Couzon idem Loire
84%
1973 Dorlay idem Loire
84%
1870 Furan du Gouffre d'enfer Loire
84%
1878 Furan du Pas du Riot Loire
84%
1955 Gier de Piney Loire
84%
1971 Gier de Soulages Loire
84%
1926 Lignon du Forez de Pontabouland Loire
84%
1957 Loire de Grangent Loire
84%
1983 Loire de Villerest Loire
84%
1904 Ondenon idem Loire
84%
1984 Rouchain idem Loire
84%
1959 Semène des Plats Loire
84%
1892 Tache du Chartrain Loire
84%
1891 Verut idem Loire
84%
1967 Candes idem Lot
84%
1964 Borne de Roujanel Lozère | Ardèche
84%
1986 Anchal idem Puy-de-Dôme
84%
1990 Couzon d'Aubusson Puy-de-Dôme
84%
1909 Credogne de Redevis Puy-de-Dôme
84%
1921 Danne de Montaigut Puy-de-Dôme
84%
1925 Dolore de Chalas Puy-de-Dôme
84%
1897 Dordogne de Bourboule Puy-de-Dôme
84%
1960 Durolle de Prades Puy-de-Dôme
84%
1940 Enfer des Pradeaux Puy-de-Dôme
84%
1903 Miodet idem Puy-de-Dôme
84%
1994 Sep idem Puy-de-Dôme
84%
1905 Sioule de Queuille Puy-de-Dôme
84%
1968 Sioule des Fades Puy-de-Dôme
84%
1971 Taurons idem Puy-de-Dôme
84%
1961 Vendes idem Puy-de-Dôme
84%
1957 Agout de Raviège Tarn
84%
1958 Agout de Luzières Tarn
84%
1980 Agout de Ponviel Tarn
84%
1936 Arn des Saints-Peyres Tarn
84%
1936 Arn de Sirous Tarn
84%
1906 Céret de Fontbonne Tarn
84%
1948 Ceret de la Roucarie Tarn
84%
1992 Cerou de Saint Géraud Tarn
84%
1955 Dadou de Rassisse Tarn
84%
1989 Dourdou de Brunet Tarn
84%
1979 Lezert de Bancalle aval Tarn
84%
1934 Linoubre de Montagnès Tarn
84%
1940 Sant de Pas du Sant Tarn
84%
1958 Sor de Cammazes Tarn
84%
1951 Tarn de Rivières Tarn
84%
1965 Vebre de Laouzas Tarn
84%
1929 Verdaussou de Miquelou Tarn
84%
1921 Viaur de Thuries Tarn
84%
1972 Argentière idem Var
84%
1974 Avellan idem Var
84%
1976 Banegon idem Var
84%
1966 Biançon de Saint-Cassien Var
84%
1934 Caramy de Carces Var
84%
1963 Fenouillet idem Var
84%
1978 Garonne de Cous Var
84%
1970 Grand Noyer de Noyer Var
84%
1913 Las de Dardennes Var
84%
1970 Maravenne de Valcros Var
84%
1968 Pellegrin de Trapan Var
84%
1981 Rioux de Meaulx idem Var
84%
198 Valescure de Saint-Esprit Var
84%
1972 Vanadal idem Var
84%
1974 Verdon de Quinson Var
84%
1974 Verdon de Sainte-Croix Var
84%
1991 Verne idem Var
84%
1953 Banne de Bazergues Allier
79%
1908 Banny des Gannes Allier
79%
1931 Besbre de Mayet de Montagne Allier
79%
1909 Cher de Rochebut Allier
79%
1958 Cotillon idem Allier
79%
1870 La Vernoelle de l'étang de Sault Allier
79%
1846 Marmande de l'étang de Pirot Allier
79%
1948 Ariège de Labarre Ariège
79%
1985 Ariège de Garrabet Ariège
79%
1940 Arties d'Izourt Ariège
79%
1956 Aston de Riète Ariège
79%
1985 Aston de Laparan Ariège
79%
1962 Baldarques idem Ariège
79%
1996 Filleit idem Ariège
79%
1961 Gnoles de Naguilhes Ariège
79%
1942 Izard d'Araing Ariège
79%
11946 Lauze de Goulours Ariège
79%
1970 Lez de Castillon sur Lez Ariège
79%
1980 Lèze de Montdely Ariège
79%
1984 Mounicou de Pla de Soulcem Ariège
79%
1941 Oriège de Campauleil Ariège
79%
1950 Rialet de Grandes Patures Ariège
79%
1950 Siguer de Gnioure Ariège
79%
1960 Sisca idem Ariège
79%
1985 Trière de Montbel Ariège
79%
2007 Ganguise idem Aude
79%
1885 Lampy de Cenne Monestiès Aude
79%
1854 Infernet de Zola Bouches-du-Rhône
79%
1952 Infernet de Bimont Bouches-du-Rhône
79%
1869 Merindole de Réaltort Bouches-du-Rhône
79%
1850 Roque d'Anthéron de Saint-Christophe Bouches-du-Rhône
79%
1973 Vallonde de Vallon Dol Bouches-du-Rhône
79%
1976 Couze de Chasteaux du Causse Corrézien Corrèze
79%
1944 Couze de Venersal idem Corrèze
79%
1927 Diege de Chaumettes Corrèze
79%
1947 Dordogne de l'Aigle Corrèze
79%
1951 Dordogne de Chastang Corrèze
79%
1957 Dordogne d'Argentat Corrèze
79%
1949 Doustre de Marcillac Corrèze
79%
1984 Les Farges de Sèchemailles Corrèze
79%
1951 Luzège idem Corrèze
79%
1958 Maronne de Hautefage Corrèze
79%
1948 Triouzoune de Neuvic d'Ussel Corrèze
79%
1930 Vézère du Saillant Corrèze
79%
1945 Vézère de Monceaux la Virolle Corrèze
79%
1952 Vézère de Treignac Corrèze
79%
1996 Ortolo idem Corse-du-Sud
79%
1979 Palavesani d'Ospedale Corse-du-Sud
79%
1965 Prunelli de Tolla Corse-du-Sud
79%
2012 Rizzanese idem Corse-du-Sud
79%
1993 Ventilegne de Figari Corse-du-Sud
79%
1951 Chandouille de Chammet Creuse | Corrèze
79%
1953 Doubs du Châtelot Doubs
79%
1991 Guelle de Roynac Drôme
79%
1931 Isère de Pizançon Drôme
79%
1925 Lyonne de Bouvante Drôme
79%
1969 Rhône d'Isère Drôme
79%
1970 Alesani idem Haute-Corse
79%
1964 Bacciana de Teppe Rosse Haute-Corse
79%
2002 Bacciana idem Haute-Corse
79%
1991 Fium Orbo de Sampolo Haute-Corse
79%
1991 Fium Orbo de Trévadine Haute-Corse
79%
1968 Golo de Calacuccia Haute-Corse
79%
1968 Golo de Corscia Haute-Corse
79%
1964 Grotta de Peri Haute-Corse
79%
1965 Pedocchino d'Alzitone Haute-Corse
79%
1984 Regino de Codole Haute-Corse
79%
1894 Altenweiherbach d'Altenweiher Haut-Rhin
79%
1894 Lauch idem Haut-Rhin
79%
1982 Michelbach idem Haut-Rhin
79%
1932 Rhin de Kembs Haut-Rhin
79%
1887 Seebach et Doller d'Alfeld Haut-Rhin
79%
1968 Thur de Kruth Wildenstein Haut-Rhin
79%
1949 Bienne d'Etables Jura
79%
1909 Lizon de Ravilloles Amont Jura
79%
2007 Arriou idem Pyrénées-Atlantiques
79%
1991 Arriutort de Boueilh Boueilho Lasque Pyrénées-Atlantiques
79%
1994 Ayguelongue idem Pyrénées-Atlantiques
79%
1995 Balaing idem Pyrénées-Atlantiques
79%
1989 Bidouze de Béhasque Pyrénées-Atlantiques
79%
1947 Brousset de Fabrèges Pyrénées-Atlantiques
79%
2007 Gabas de Gabas Pyrénées-Atlantiques
79%
2004 Gabassot idem Pyrénées-Atlantiques
79%
1925 Gave d'Aspe de Peilhou Pyrénées-Atlantiques
79%
1957 Gave du Bious de Bious Pyrénées-Atlantiques
79%
1998 Gees de Serres Castet Pyrénées-Atlantiques
79%
2006 Geez de Bournos Pyrénées-Atlantiques
79%
2007 Jelosoko idem Pyrénées-Atlantiques
79%
2001 Larus de Laa Pyrénées-Atlantiques
79%
1992 Lessarte de Chodocogaina Pyrénées-Atlantiques
79%
1972 Lisau de Cadillon Pyrénées-Atlantiques
79%
2008 Nivelle de Lurberria Pyrénées-Atlantiques
79%
2002 Petit Lees de Peyrelongue Pyrénées-Atlantiques
79%
1929 Sousseou d'Artouste Pyrénées-Atlantiques
79%
1988 Combe de la Molle de Peyralade Tarn-et-Garonne
79%
1973 Garinette de Monclar Tarn-et-Garonne
79%
1989 Gouyre idem Tarn-et-Garonne
79%
1985 Monsembosc de Fontbouysse Tarn-et-Garonne
79%
1982 Tessone de Comberouger Tarn-et-Garonne
79%
1961 Tison de Lavit de Lomagne Tarn-et-Garonne
79%
1992 Tordre idem Tarn-et-Garonne
79%
1973 Tort de Saint-Sardos Tarn-et-Garonne
79%
1973 Faux de Saint-Nicolas Ardennes
74%
1988 Amance de Radonvilliers Aube
74%
1966 Morge de Seine Morge Aube
74%
1990 Temple de Brévonnes Aube
74%
1947 Cere de Saint-Etienne Cantalès Cantal
74%
1970 Cregut de Lastioulles nord et sud Cantal
74%
1927 Grande Rhue idem Cantal
74%
1990 Grande Rhue de Condat Cantal
74%
1950 Maronne d'Enchanet Cantal
74%
1927 Petite Rhue idem Cantal
74%
1953 Rhue de Vaussaire Cantal
74%
1959 Truyère de Grandval Cantal
74%
1962 Truyère de Lanau Cantal
74%
1981 Elorn de Drennec Finistère
74%
1971 Crieulon de la Rouvière Gard
74%
1957 Gardon d'Alès de Cambous Gard
74%
1967 Gardon d'Alès de Sainte-Cécile d'Andorge Gard
74%
1969 Rhône de Vallabregues Gard
74%
1973 Rhône de Villeneuve Gard
74%
1968 Rieumassel de Ceyrac Gard
74%
1982 Vidourle de Conqueyrac Gard
74%
1996 Aussoue idem Haute-Garonne
74%
1987 Bure de Bure Haute-Garonne
74%
1986 Galage idem Haute-Garonne
74%
1965 Garonne de Manciès Haute-Garonne
74%
1969 Garonne de Plan d'Arem Haute-Garonne
74%
1675 Laudot de Saint-Férréol Haute-Garonne
74%
1951 Neste d'Oo de Portillon Haute-Garonne
74%
1960 One idem Haute-Garonne
74%
1960 Pique de Castelvieil Haute-Garonne
74%
1989 Saudrune de Parayre Haute-Garonne
74%
1952 Adour de Garet de Gréziolles Hautes-Pyrénées
74%
1971 Adour de Payolle de Payolle Hautes-Pyrénées
74%
1947 Adour du Tourmalet de Castillon du Tourmalet Hautes-Pyrénées
74%
1996 Arrêt-Darré idem Hautes-Pyrénées
74%
1959 Arriougrand de Migouélou Hautes-Pyrénées
74%
1932 Aubert idem Hautes-Pyrénées
74%
1987 Baisolle de Puydarrieux Hautes-Pyrénées
74%
1991 Boues idem Hautes-Pyrénées
74%
1994 Carbouère de Louet Hautes-Pyrénées
74%
1954 Escoubous idem Hautes-Pyrénées
74%
1952 Estaube des Gloriettes Hautes-Pyrénées
74%
1951 Gave d'Arrans du Tech Hautes-Pyrénées
74%
2006 Geze de Magnoac Hautes-Pyrénées
74%
2006 Lizon idem Hautes-Pyrénées
74%
1940 Neste de Caillaouas de Caillaouas Hautes-Pyrénées
74%
1883 Neste de Couplan d'Orédon Hautes-Pyrénées
74%
1952 Neste de Couplan de Cap de Long Hautes-Pyrénées
74%
1923 Oule de l'Oule Hautes-Pyrénées
74%
1944 Rioumajou idem Hautes-Pyrénées
74%
1962 Orb de Monts d'Orb Hérault
74%
1989 Peyne des Olivettes Hérault
74%
1970 Salagou du Salagou Hérault
74%
1966 Rance idem Ille-et-Vilaine | Côtes-d'Armor
74%
1995 Brichette idem Lot-et-Garonne
74%
1977 Labernede de Ganet Lot-et-Garonne
74%
1994 Lescouroux idem Lot-et-Garonne
74%
1951 Lot du Temple Lot-et-Garonne
74%
1960 Hungerbach de Bassin à Suie Sarreguemines Moselle
74%
1967 Helpe majeure du Val Joly Nord
74%
1995 Agly idem Pyrénées-Orientales
74%
1932 Aude de Puyvalador Pyrénées-Orientales
74%
1960 Aude de Matemale Pyrénées-Orientales
74%
1962 Font Vive du Lanoux Pyrénées-Orientales
74%
1910 Têt des Bouillouses Pyrénées-Orientales
74%
1978 Têt de Vinca Pyrénées-Orientales
74%
1959 Du pont du roi idem Saône-et-Loire
74%
1939 Arvière de Bouzey Vosges
74%
1983 Moselotte de la Lande Vosges
74%
1905 Bourdon idem Yonne
74%
1932 Cure de Crescent Yonne
74%
1951 Alrance de Villefranche de Panat Aveyron
68%
1952 Bage idem Aveyron
68%
2003 Brienne idem Aveyron
68%
1950 Goul idem Aveyron
68%
1948 Lot de Castelnau Lassouts Aveyron
68%
1960 Lot de Golinhac Aveyron
68%
1981 Plane d'Etang Aveyron
68%
1981 Plane de Monnes Aveyron
68%
1981 Prat de Liaussac Aveyron
68%
1947 Selves de Maury Aveyron
68%
1967 Selves de Galens Aveyron
68%
1996 Selvet idem Aveyron
68%
1929 Tarn de Pinet Aveyron
68%
1932 Tarn de la Jourdanie Aveyron
68%
1958 Tarn de Truel Aveyron
68%
1934 Truyère de Sarrans Aveyron
68%
1950 Truyère de Couesque Aveyron
68%
1974 Truyère de la Barthe Aveyron
68%
1952 Viaur de Pont de Salars Aveyron
68%
1953 Vioulou de Pareloup Aveyron
68%
1991 Charente de Lavaud Charente
68%
2000 Moulde de Mas-Chaban Charente
68%
1973 Arguenon de Ville Hatte Côtes-d'Armor
68%
1929 Blavet de Guerlédan Côtes-d'Armor
68%
1936 Couessant de Pont Rolland Côtes-d'Armor
68%
1978 Gouet idem Côtes-d'Armor
68%
1974 Guinefort de Pont Ruffier Côtes-d'Armor
68%
1838 Oust de Bosméléac Côtes-d'Armor
68%
1937 Rance de Rophémel Côtes-d'Armor
68%
1981 Berroux idem Creuse
68%
1927 Creuse de Confolent Creuse
68%
1982 Creuse de l'Age Creuse
68%
1984 Creuse de Chezelles Creuse
68%
1985 Creuse de Champsanglard Creuse
68%
1951 Dorat de Faux la Montagne Creuse
68%
1950 Maulde de Vassivières Creuse
68%
1983 Rozeille de Beissat Creuse
68%
1931 Taurion de Roche Talamie Creuse
68%
1933 Taurion de l'Etroit Creuse
68%
1944 Taurion de Lavaud Gelade Creuse
68%
1970 Cher du Prat Dordogne
68%
1993 Cole de Miallet Dordogne
68%
1908 Dordogne de Tuillières Dordogne
68%
1977 Ru des Vaux des Ullis Essonne
68%
1976 Arrats d'Astarac Gers
68%
1974 Baysole de Pessoulens Gers
68%
1989 Cabournieu idem Gers
68%
1991 Carbournieu de Troncens Gers
68%
1988 Marcaou idem Gers
68%
1968 Osse de Miélan Gers
68%
1995 Sacles de Sacles Gers
68%
1986 Sept-Hountas de Pelle Cahus Gers
68%
2010 Ravine dumanoir de Dumanoir Guadeloupe
68%
1991 Ravine Gaschet de Gaschet Guadeloupe
68%
1941 Allier de Poutès Haute-Loire
68%
1916 Ance du Nord de Passouira Haute-Loire
68%
1907 Lignon du Velay de Chapelette Haute-Loire
68%
1949 Lignon du Velay de Lavalette Haute-Loire
68%
1993 Fremur de Bois Joli Ille-et-Vilaine
68%
1976 La Chaise de Chèze Ille-et-Vilaine
68%
1976 Meleuc de Mireloup Ille-et-Vilaine
68%
1979 Valière idem Ille-et-Vilaine
68%
1983 Vilaine de Haute-Vilaine Ille-et-Vilaine
68%
1926 Creuse d'Eguzon Indre
68%
1932 Creuse de Roche aux Moines Indre
68%
1977 Creuse de Roche Bat l'Aigue Indre
68%
1964 Altier de Villefort Lozère
68%
1964 Chassezac de Raschas Lozère
68%
1996 Chassezac de Puylaurent Lozère
68%
1994 Colagne de Charpal Lozère
68%
1991 Gazelle de Mas d'Armand Lozère
68%
1982 Loire de Naussac Lozère
68%
1963 Palhères idem Lozère
68%
1980 Manche de Saint-Pierre Manzo Martinique
68%
1985 Mirgenbach idem Meurthe-et-Moselle
68%
1972 Rupt de Mad de Madine Meurthe-et-Moselle
68%
1986 Vieux-Pré idem Meurthe-et-Moselle
68%
1900 Ravin de la Combe de Saint-Saturnin-d'Apt Vaucluse
68%
1773 Ravin du Lauron de Paty Vaucluse
68%
1984 Ailette idem Aisne
63%
1883 Armançon de Pont et Massène Côte-d'or
63%
1837/1905 Brenne de Grosbois 1 & 2 Côte-d'or
63%
1836 Commarin de Panthier Côte-d'or
63%
1836 Etang d'Avau de Cercey Côte-d'or
63%
1984 Ternin de Chamboux Côte-d'or
63%
1837 Tillat de Chazilly Côte-d'or
63%
1982 Cebron de Puy Terrier Deux-Sèvres
63%
1995 Chambon de la Touche Poupard Deux-Sèvres
63%
1867 Hervieux de Rorota Guyane
63%
1996 Sinamary de Petit saut Guyane
63%
1886 Liez idem Haute-Marne
63%
1890 Mouche idem Haute-Marne
63%
1906 Val de Gris de Charmes Haute-Marne
63%
1957 Moine de Ribou Maine-et-Loire
63%
1980 Moine de Verdon Maine-et-Loire
63%
1958 Rouland idem Manche
63%
1919 Selune de Roche qui boit Manche
63%
1998 Mouala de Combani Mayotte
63%
2001 Mro Oua Tanabe de Dzoumogné Mayotte
63%
1970 Arzal idem Morbihan
63%
1967 Port Melin idem Morbihan
63%
1972 Theix de Tregat Morbihan
63%
1959 Orne de Rabodanges Orne
63%
1951 Grand Lay d'Angle Guignard Vendée
63%
1994 Grande Maine de Bultière Vendée
63%
1973 Graon idem Vendée
63%
1990 Gué Gorand idem Vendée
63%
1999 La Vouraie idem Vendée
63%
1986 Marillet idem Vendée
63%
1979 Mère de Pierre Brune Vendée
63%
1956 Vendée de Mervent Vendée
63%
1964 Vendée d'Albert Vendée
63%
1977 Dathée du Mesnil Calvados
58%
1978 Couze de Mazeaud Haute-Vienne
58%
1953 Maulde de Mont Larron Haute-Vienne
58%
1958 Maulde de Lartige Haute-Vienne
58%
1961 Maulde de Fleix Haute-Vienne
58%
1962 Maulde de Langleret Haute-Vienne
58%
1962 Maulde de Villejoubert Haute-Vienne
58%
1963 Maulde de Bujaleuf Haute-Vienne
58%
1961 Mazelle de Beaune 2 Haute-Vienne
58%
1976 Prairie de l'étang de la Prairie Haute-Vienne
58%
1933 Chalaux de Chaumeçon Nièvre
58%
1969 Cousin de Saint-Agnan Nièvre
58%
1950 Yonne de Pannecière-Chaumard Nièvre
58%
1976 Arnon de Sidiailles Cher
53%
1968 Marsouins de Takamaka 1 Réunion
53%
1987 Marsouins de Takamaka 2 Réunion
53%
Aucun quiz correspondant
Distribution des résultats
% des personnes avec chaque résultat
Percentile par nombre de réponses
Votre historique - résultats
Vous n’avez pas pris ce quiz